000 00349pab a2200157 454500
008 180718b2011 xxu||||| |||| 00| 0 eng d
100 _aGupta, Dhrum
245 _aBastar: An asymmetric war
260 _c2011
300 _ap.38-45.
362 _aApril-June
650 _aWar
773 _aIndian Police Journal
908 _aN
909 _a94798
999 _c94798
_d94798